| 000 | 00530 a2200205 4500 | ||
|---|---|---|---|
| 005 | 20260202163314.0 | ||
| 008 | 260130b |||||||| |||| 00| 0 eng d | ||
| 020 |
_a9789390013432 _cRs. 2290.00 |
||
| 040 | _aMAIN | ||
| 082 |
_a628.3 _bB29W |
||
| 100 | _aBasak, J L | ||
| 245 | _aWastewater treatment engineering | ||
| 260 |
_bKnowledge Bakers _c2024 _aPune |
||
| 300 | _aviii, 205 | ||
| 650 | _aEnvironment Science | ||
| 650 | _aWastewater Treatment | ||
| 700 | _aLopamudra Ram | ||
| 700 | _aMahto, Girish | ||
| 942 | _cBK | ||
| 999 |
_c395736 _d395736 |
||